Albert speer : (Record no. 353900)
[ view plain ]
| 000 -LEADER | |
|---|---|
| fixed length control field | 01857nam a2200301 a 4500 |
| 001 - CONTROL NUMBER | |
| control field | ASIN1580933548 |
| 003 - CONTROL NUMBER IDENTIFIER | |
| control field | OSt |
| 005 - DATE AND TIME OF LATEST TRANSACTION | |
| control field | 20180116192421.0 |
| 008 - FIXED-LENGTH DATA ELEMENTS--GENERAL INFORMATION | |
| fixed length control field | 140227s2013 xxu eng d |
| 020 ## - INTERNATIONAL STANDARD BOOK NUMBER | |
| International Standard Book Number | 1580933548 (hardcover) |
| Terms of availability | $75.00 |
| 020 ## - INTERNATIONAL STANDARD BOOK NUMBER | |
| International Standard Book Number | 9781580933544 (hardcover) |
| 040 ## - CATALOGING SOURCE | |
| Transcribing agency | SADA |
| 050 04 - LIBRARY OF CONGRESS CALL NUMBER | |
| Classification number | NA1088.S56 |
| 082 04 - DEWEY DECIMAL CLASSIFICATION NUMBER | |
| Classification number | 720.924 |
| 100 1# - MAIN ENTRY--PERSONAL NAME | |
| Personal name | Krier, Leon. |
| 9 (RLIN) | 7346 |
| 245 10 - TITLE STATEMENT | |
| Title | Albert speer : |
| Remainder of title | architecture 1932-1942 / |
| Statement of responsibility, etc. | Leon Krier, Robert A. M. Stern. |
| 260 ## - PUBLICATION, DISTRIBUTION, ETC. | |
| Place of publication, distribution, etc. | [S.l.] : |
| Name of publisher, distributor, etc. | The Monacelli Press, |
| Date of publication, distribution, etc. | 2013. |
| 300 ## - PHYSICAL DESCRIPTION | |
| Extent | 272 p. ; |
| Dimensions | 33 cm. |
| 520 ## - SUMMARY, ETC. | |
| Summary, etc. | Architect Léon Krier asks, “Can a war criminal be a great artist?” Speer, Adolf Hitler's architect of choice, happens to be responsible for one of the boldest architectural and urban oeuvres of modern times. First published in 1985 to an acute and critical reception, Albert Speer: Architecture 1932-1942 is a lucid, wide-ranging study of an important neoclassical architect. Yet is is simultaneously much more: a philosophical rumination on art and politics, good and evil. With aid from a new introduction by influential American architect Robert A. M. Stern, Krier candidly confronts the great difficulty of disentangling the architecture and urbanism of Albert Speer from its political intentions. Krier bases his study on interviews with Speer just before his death. The projects presented center on his plan for Berlin, an unprecedented modernization of the city intended to be the capital of Europe. |
| 650 #0 - SUBJECT ADDED ENTRY--TOPICAL TERM | |
| Topical term or geographic name entry element | Architecture |
| 9 (RLIN) | 7347 |
| 650 #0 - SUBJECT ADDED ENTRY--TOPICAL TERM | |
| Topical term or geographic name entry element | Germany--Berlin |
| 9 (RLIN) | 7348 |
| 650 #0 - SUBJECT ADDED ENTRY--TOPICAL TERM | |
| Topical term or geographic name entry element | National socialism and architecture |
| 9 (RLIN) | 7349 |
| 650 #0 - SUBJECT ADDED ENTRY--TOPICAL TERM | |
| Topical term or geographic name entry element | Speer, Albert, 1905-1981 |
| 9 (RLIN) | 7350 |
| 650 #0 - SUBJECT ADDED ENTRY--TOPICAL TERM | |
| Topical term or geographic name entry element | Themes, motives |
| 9 (RLIN) | 7351 |
| 700 1# - ADDED ENTRY--PERSONAL NAME | |
| Personal name | Stern, Robert A. M. |
| 9 (RLIN) | 7352 |
| 856 40 - ELECTRONIC LOCATION AND ACCESS | |
| Materials specified | Amazon.com |
| Uniform Resource Identifier | <a href="http://www.amazon.com/exec/obidos/ASIN/1580933548/chopaconline-20">http://www.amazon.com/exec/obidos/ASIN/1580933548/chopaconline-20</a> |
| 942 ## - ADDED ENTRY ELEMENTS (KOHA) | |
| Source of classification or shelving scheme | |
| Koha item type | Book |
| Withdrawn status | Lost status | Source of classification or shelving scheme | Damaged status | Not for loan | Permanent Location | Current Location | Date acquired | Total Checkouts | Total Renewals | Full call number | Barcode | Date last seen | Date last checked out | Cost, replacement price | Price effective from | Koha item type |
|---|---|---|---|---|---|---|---|---|---|---|---|---|---|---|---|---|
| School of Art Design and Architecture (SADA) | School of Art Design and Architecture (SADA) | 02/25/2014 | 1 | 1 | 720.924 KRI 2013 | SADA0002243 | 04/23/2014 | 03/12/2014 | 6833.97 | 02/28/2014 | Book |
